000 00507nam a22001697a 4500
999 _c10063
_d10063
003 GBCCL
005 20241126110724.0
008 240219b ||||| |||| 00| 0 eng d
040 _cgbc
082 _a226.6007
_bHAR
100 _aHartog II, John.
_98069
245 _aWhen the Church was Young and Bold: Acts 1-12 /
_bJohn Hartog II
260 _aIllinois:
_bRegular Baptist Press,
_c1988
300 _a128 p.;
_bill.,
_c23 cm.
650 _aBible
_vNew Testament
_x Acts
_xStudy
_917467
942 _2ddc
_cBK